| 000 | 00897nam a2200265 a 4500 | ||
|---|---|---|---|
| 003 | MX-MxUPN | ||
| 005 | 20250228063758.0 | ||
| 007 | cr a | ||
| 008 | 250227s2020 sp ||||fo|||| 000 0 spa d | ||
| 020 | _a9788490443798 | ||
| 040 |
_aMX-MxUPN _bspa _cMX-MxUPN _eaacr2 |
||
| 041 | 0 | _aspa | |
| 050 | 1 | 4 | _aPN1009 A1 |
| 100 | 1 |
_aHanán Díaz, Fanuel _935592 |
|
| 245 | 1 | 0 |
_aSombras, censuras y tabús en los libros infantiles _h[recurso electrónico en línea] |
| 260 |
_aCuenca : _bEdiciones de la Universidad de Castilla-La Mancha, _c2020. |
||
| 300 |
_a1 recurso en línea (151 páginas) : _bPDF |
||
| 490 | 0 |
_aColección Arcadia ; _v30 |
|
| 506 | 0 | _aAcceso abierto. | |
| 650 | 4 |
_aLibros y lectura para niños _92290 |
|
| 650 | 4 |
_aLiteratura infantil _xHistoria y crítica _923501 |
|
| 856 | 4 | 0 | _uhttps://hdl.handle.net/10578/25420 |
| 902 | _aVíctor Ruiz/270225 | ||
| 942 |
_2lcc _cLIBRO-E |
||
| 999 |
_c212725 _d212725 |
||